| 000 | 00563 a2200193 4500 | ||
|---|---|---|---|
| 003 | Nust | ||
| 005 | 20230216100523.0 | ||
| 010 | _a 86063451 | ||
| 020 | _a8170291046 | ||
| 040 | _cNust | ||
| 082 | 0 | 0 | _a006.3,TOW |
| 100 | 1 |
_aTownsend, Carl, _936901 |
|
| 245 | 1 | 0 |
_aIntroduction to Turbo prolog / _cCarl Townsend. |
| 260 |
_aBerkeley : _bSybex, _cc1987. |
||
| 300 |
_axvii, 315 p. : _bill. ; _c23 cm. |
||
| 505 | _aIntroduction (Page-xv), Tutorial (Page-1), Applications (Page-211). | ||
| 650 | 0 |
_aProlog (Computer program language) _990413 |
|
| 942 |
_2ddc _cBK |
||
| 999 |
_c179704 _d179704 |
||